Statistics for Most Popular Girls Names in Arkansas

Click here to take the quiz!

General Stats

  • This quiz has been taken 143 times
  • The average score is 12 of 24

Answer Stats

HintAnswer% Correct
2012-2003Emma
81%
2008-1995, 1992Emily
75%
2002-1985, 1982-1980Sarah
70%
2012-2009Isabella
68%
1996-1981Jessica
68%
1987-1980Jennifer
67%
2012, 2009Ava
66%
2012, 2008-2007, 2004Olivia
65%
2012Sophia
58%
2011-1997Madison
57%
2006-1995Hannah
56%
1997-1982Ashley
53%
1990-1980Amanda
52%
2010Chloe
44%
2011, 2006, 2002Abigail
40%
1980Melissa
40%
1994-1988Brittany
36%
2011-2007Addison
31%
1980Kimberly
31%
1999-1998, 1994-1993Taylor
30%
1984-1983Amber
29%
2005, 2003, 2001-2000Alexis
28%
1991Kayla
25%
1981Crystal
11%

Score Distribution

Percentile by Number Answered

Percent of People with Each Score

Your Score History

You have not taken this quiz